giáo dục âm nhạc trong trường mẫu giáo

Αποθηκεύτηκε σε:
Λεπτομέρειες βιβλιογραφικής εγγραφής
Μορφή: Βιβλίο
Έκδοση: Hà Nội Giáo dục 1983
Θέματα:
Ετικέτες: Προσθήκη ετικέτας
Δεν υπάρχουν, Καταχωρήστε ετικέτα πρώτοι!
Thư viện lưu trữ: Trung tâm Học liệu Lê Vũ Hùng, Trường Đại học Đồng Tháp
LEADER 00719pam a22002538a 4500
001 00038583
005 20171026081025.0
008 170516s1983 ||||||Viesd
041 0 # |a Vie 
082 1 4 |a 372.21  |b GI108D 
245 1 0 |a giáo dục âm nhạc trong trường mẫu giáo 
260 # # |a Hà Nội  |b Giáo dục  |c 1983 
300 # # |a 74tr.  |c 27cm. 
653 # # |a  mẫu giáo 
653 # # |a âm nhạc 
653 # # |a giáo dục 
852 # # |b Kho mượn  |j KM.0022444 
852 # # |b Kho đọc  |j KD.0021497 
852 # # |j KD.0021497  |j KM.0022444 
910 |d 16/05/2017 
980 # # |a Trung tâm Học liệu Lê Vũ Hùng, Trường Đại học Đồng Tháp